Datum a čas kvízu
20
Celkem bodů
Celkový počet nahraných bodů na tomto kvízu bez doplňovacích otázek.
11.
Pořadí na kvízu
Konečné umístění týmu na tomto kvízu.
Zaznamenané odpovědi
| # | Otázka | Odpověď | Body | Výsledky |
|---|---|---|---|---|
| 1. | Neznámý „vtipálek“ zveřejnil n... | BLACK FREIDAY (FRIDAY) | 1 | |
| 2. | Zaměstnanec letiště Johna F. K... | C) živá kočka | 0 | |
| 3. | Jistá česká herečka má oficiál... | Simona Stašová | 0 | |
| 4. | V pondělí, po pěti dnech letu,... | Orion | 0 | |
| 5. | Ve dvou úvodních zápasech kter... | Polsko | 0 | |
| 6. | V následujících pěti otázkách... | C) 5,68 půllitrů | 0 | |
| 7. | Která z následujících jednotek... | B | 0 | |
| 8. | Jaký odpor v ohmech má spotřeb... | 20 Ω | 1 | |
| 9. | Přiřaďte tyto jednotky k přísl... | 1C 2A 3B 4D | 1 | |
| 10. | Uzel je jednotka rychlosti pou... | B | 1 |